| 000 | 00795cam a2200253 a 4500 | ||
|---|---|---|---|
| 001 | 000005270 | ||
| 005 | 20200929151628.0 | ||
| 008 | 940816s1992 sp 000 1 spa d | ||
| 020 | _a8437610796 | ||
| 040 |
_aDO-SdBNP _cTxHR _dCU _dNAlU _dDLC |
||
| 082 |
_a863.6 _bA973u |
||
| 100 | 1 |
_aAyala, Francisco, _d1906-2009 _94726 |
|
| 245 | 1 | 4 |
_aLos usurpadores / _cFrancisco Ayala ; edición, Carolyn Richmond. |
| 260 |
_aMadrid : _bCátedra, _c1992. |
||
| 300 |
_a263 p. : _bil. ; _c18 cm. |
||
| 490 | 1 |
_aLetras hispánicas _v350 |
|
| 504 | _aBibliografía: p. 87-96. | ||
| 650 | 4 |
_aNovela española _91123 |
|
| 650 | 4 |
_aLiteratura española _9632 |
|
| 700 | 1 |
_aRichmond, Carolyn, _eed. _915025 |
|
| 830 | 0 |
_aLetras hispánicas ; _v350 _94208 |
|
| 910 | _aCatalogación por copia / LC | ||
| 910 | _aWM | ||
| 999 |
_c5071 _d5071 |
||